[Event "Titled Tue 20th May Early"]
[Site "chess.com INT"]
[Date "2025.05.20"]
[Round "2"]
[White "Carnicelli, Valerio"]
[Black "Herpai, Jozsef Matyas"]
[Result "1-0"]
[WhiteTitle "FM"]
[BlackTitle "CM"]
[WhiteElo "2396"]
[BlackElo "2056"]
[WhiteFideId "856185"]
[BlackFideId "786179"]
[EventDate "2025.05.20"]

1. d4 Nf6 2. Bf4 c5 3. e3 Qb6 4. b3 g6 5. Nf3 Bg7 6. Be2 O-O 7. O-O Nc6 8. c3 d6
9. h3 Bf5 10. Nbd2 Nd5 11. Nc4 Qd8 12. Qd2 Nxf4 13. exf4 cxd4 14. cxd4 Rc8 15.
Rac1 d5 16. Nce5 Qb6 17. g4 Be6 18. Rfe1 Rfd8 19. Bf1 a6 20. Bg2 Rc7 21. Nxc6
Rxc6 22. Rxc6 bxc6 23. Ng5 Bxd4 24. Nxe6 fxe6 25. Rxe6 Rf8 26. f5 gxf5 27. Rxe7
fxg4 28. Qg5+ Kh8 29. Qh6 Bxf2+ 30. Kh1 Bd4 31. Qxf8# 1-0

[Event "Titled Tue 20th May Early"]
[Site "chess.com INT"]
[Date "2025.05.20"]
[Round "2"]
[White "Munoz, Francisco Javier"]
[Black "Dovgaliuk, Oleksandr"]
[Result "0-1"]
[WhiteTitle "FM"]
[WhiteElo "2389"]
[BlackElo "2240"]
[WhiteFideId "128368"]
[BlackFideId "14167247"]
[EventDate "2025.05.20"]

1. e4 c5 2. Nf3 d6 3. d4 cxd4 4. Qxd4 Nc6 5. Bb5 a6 6. Bxc6+ bxc6 7. b3 e5 8.
Qe3 Nf6 9. Bb2 Be7 10. Nc3 O-O 11. O-O-O Bg4 12. h3 Bxf3 13. Qxf3 Qc7 14. g4
Rfc8 15. g5 Nd7 16. h4 Nf8 17. Kb1 a5 18. a4 Ne6 19. Ne2 Rab8 20. Qc3 Rb4 21.
Ng3 Rcb8 22. Nf5 Bf8 23. h5 c5 24. g6 c4 25. gxh7+ Kh8 26. h6 g6 27. Kc1 gxf5
28. exf5 Nf4 29. Rdg1 Ne2+ 0-1

[Event "Titled Tue 20th May Early"]
[Site "chess.com INT"]
[Date "2025.05.20"]
[Round "2"]
[White "Tran, Vo Quoc Bao"]
[Black "Tsydypov, Zhamsaran"]
[Result "0-1"]
[BlackTitle "GM"]
[WhiteElo "2096"]
[BlackElo "2514"]
[WhiteFideId "12425184"]
[BlackFideId "4108566"]
[EventDate "2025.05.20"]

1. e4 e5 2. Nf3 Nc6 3. Bb5 a6 4. Ba4 Nf6 5. O-O b5 6. Bb3 Be7 7. d3 O-O 8. c3 d6
9. Nbd2 Na5 10. Bc2 c5 11. Re1 Nc6 12. Nf1 Re8 13. Ng3 Bf8 14. h3 g6 15. a4 Rb8
16. axb5 axb5 17. Be3 Bb7 18. Qd2 Bg7 19. d4 exd4 20. cxd4 Nb4 21. Bb1 Bxe4 22.
Nxe4 Nxe4 23. Bxe4 Rxe4 24. dxc5 dxc5 25. Bxc5 Qxd2 26. Nxd2 Rxe1+ 27. Rxe1 Nd3
28. Bd6 Rd8 29. Be7 Re8 30. Re3 Nxb2 31. Nb3 Nc4 32. Re1 Bc3 33. Rc1 Bb2 34. Re1
Bc3 35. Rc1 Be5 36. Bb4 Ra8 37. Nc5 Bd4 38. Rd1 Be5 39. Nd7 Ra1 40. Rxa1 Bxa1
41. Kf1 f5 42. Ke2 Kf7 43. Kd3 Ne5+ 44. Nxe5+ Bxe5 45. f3 Ke6 46. g4 fxg4 47.
fxg4 Kd5 48. h4 Bd6 49. Bd2 b4 50. h5 b3 51. Kc3 Bb4+ 0-1

[Event "Titled Tue 20th May Early"]
[Site "chess.com INT"]
[Date "2025.05.20"]
[Round "2"]
[White "Moosavifar, Seyed Abolfazl"]
[Black "Jedryczka, Krystian"]
[Result "1-0"]
[WhiteTitle "FM"]
[WhiteElo "2303"]
[BlackElo "2084"]
[WhiteFideId "42548195"]
[BlackFideId "1109472"]
[EventDate "2025.05.20"]

1. d4 f5 2. Nf3 Nf6 3. e3 d6 4. Bd3 g6 5. h4 h6 6. c4 Bg7 7. Nc3 c6 8. e4 e6 9.
e5 Ng4 10. Bf4 d5 11. cxd5 exd5 12. Qc2 O-O 13. O-O-O b5 14. Nh2 Nxh2 15. Rxh2
a5 16. Ne2 a4 17. Be3 a3 18. b3 Na6 19. Qd2 Qe8 20. Bxh6 Nb4 21. Bxg7 Nxd3+ 22.
Qxd3 Kxg7 23. Nf4 Rh8 24. Qg3 Bd7 25. h5 c5 26. hxg6 cxd4 27. Rh7+ Rxh7 28.
gxh7+ Kh8 29. Ng6+ Kxh7 30. Rh1+ Kg7 31. Nf4+ Kf7 32. Rh7+ Kf8 33. Qg7# 1-0

[Event "Titled Tue 20th May Early"]
[Site "chess.com INT"]
[Date "2025.05.20"]
[Round "2"]
[White "Vaganian, Rafael A"]
[Black "Piorun, Kacper"]
[Result "0-1"]
[WhiteTitle "GM"]
[BlackTitle "GM"]
[WhiteElo "2449"]
[BlackElo "2577"]
[WhiteFideId "13300016"]
[BlackFideId "1130420"]
[EventDate "2025.05.20"]

1. d4 Nf6 2. Nf3 g6 3. g3 Bg7 4. c4 O-O 5. Bg2 d6 6. Nc3 Bf5 7. Nh4 Bc8 8. Nf3
c6 9. O-O Bf5 10. Ne1 Qc8 11. e4 Bh3 12. Nc2 h5 13. e5 dxe5 14. dxe5 Bxg2 15.
exf6 Rd8 16. Qe1 Bxf1 17. fxe7 Re8 18. Kxf1 Bf6 19. Ne4 Bxe7 20. Ne3 Nd7 21. Qc3
Bf8 22. f3 Bg7 23. Qc2 Ne5 24. Kg2 Qe6 25. Nc5 Qe7 26. Ne4 Rad8 27. Bd2 Nxf3 28.
Kxf3 Rxd2 29. Qxd2 Qxe4+ 30. Kf2 Bd4 31. Re1 c5 32. Qe2 Bxe3+ 33. Qxe3 Qf5+ 34.
Qf4 Qc2+ 35. Kf1 Rxe1+ 36. Kxe1 Qb1+ 37. Kf2 Qxb2+ 38. Kf3 Qc3+ 39. Kg2 Kg7 40.
Kh3 Qf6 41. Qc7 Qf1+ 42. Kh4 Qxc4+ 43. Kh3 Qf1+ 44. Kh4 Qf5 45. h3 Qf6# 0-1

[Event "Titled Tue 20th May Early"]
[Site "chess.com INT"]
[Date "2025.05.20"]
[Round "2"]
[White "Bardyk, Artem"]
[Black "Sammed Jaykumar, Shete"]
[Result "1-0"]
[WhiteTitle "FM"]
[BlackTitle "IM"]
[WhiteElo "2284"]
[BlackElo "2377"]
[WhiteFideId "34349979"]
[BlackFideId "5073421"]
[EventDate "2025.05.20"]

1. e4 c6 2. d4 d5 3. exd5 cxd5 4. Bd3 Nc6 5. c3 g6 6. h3 Nf6 7. Nf3 Bf5 8. Ne5
Bxd3 9. Nxd3 Bg7 10. O-O Ne4 11. Re1 Nd6 12. Nd2 O-O 13. a4 e6 14. Nf3 a6 15.
Bg5 f6 16. Bf4 Ne4 17. Nd2 g5 18. Bh2 Nxd2 19. Qxd2 Re8 20. Re2 Bf8 21. Rae1 Qc8
22. f4 h6 23. f5 Nd8 24. Rf1 Qd7 25. Ref2 Qxa4 26. fxe6 Nxe6 27. Rxf6 Bg7 28.
Rg6 Kh7 29. Ne5 Bxe5 30. Bxe5 Kxg6 31. Qd3+ Kh5 32. g4+ Kh4 33. Qg3# 1-0

[Event "Titled Tue 20th May Early"]
[Site "chess.com INT"]
[Date "2025.05.20"]
[Round "2"]
[White "Sjugirov, Sanan"]
[Black "Kshatriya, Nitin Vekhande"]
[Result "1-0"]
[WhiteTitle "GM"]
[BlackTitle "FM"]
[WhiteElo "2638"]
[BlackElo "2255"]
[WhiteFideId "4189302"]
[BlackFideId "45075530"]
[EventDate "2025.05.20"]

1. d4 Nf6 2. c4 e6 3. Nc3 d5 4. cxd5 exd5 5. Bg5 c6 6. e3 Be7 7. Bd3 O-O 8. Nf3
Nbd7 9. O-O Re8 10. Qc2 h6 11. Bf4 Nf8 12. h3 Bd6 13. Bxd6 Qxd6 14. Ne5 N6d7 15.
f4 f6 16. Nxd7 Bxd7 17. Rae1 Re7 18. Qf2 Rae8 19. Qf3 b5 20. Kh1 a5 21. Re2 Bc8
22. Rfe1 f5 23. Qf2 Nh7 24. Nb1 Nf6 25. Nd2 b4 26. Nf3 c5 27. dxc5 Qxc5 28. Ne5
Nd7 29. Rc2 Nxe5 30. fxe5 Qb6 31. Rxc8 Rxc8 32. Qxf5 Rf8 33. Qh7+ Kf7 34. Rf1+
Ke8 35. Bg6+ Ref7 36. Bxf7+ Rxf7 37. Qg8+ 1-0

[Event "Titled Tue 20th May Early"]
[Site "chess.com INT"]
[Date "2025.05.20"]
[Round "2"]
[White "Badacsonyi, Stanley"]
[Black "May Sanchez, Andres Elias"]
[Result "1-0"]
[WhiteTitle "FM"]
[WhiteElo "2289"]
[BlackElo "2209"]
[WhiteFideId "486973"]
[BlackFideId "5150973"]
[EventDate "2025.05.20"]

1. d4 Nf6 2. c4 c5 3. d5 g6 4. Nc3 Bg7 5. e4 d6 6. Nf3 O-O 7. Bd3 e6 8. O-O exd5
9. exd5 Bg4 10. Bf4 Nh5 11. Be3 Nd7 12. Be2 Re8 13. h3 Bxf3 14. Bxf3 Nhf6 15.
Qb3 Ne5 16. Be2 Qc7 17. Rfe1 a6 18. Rad1 Re7 19. Na4 Rae8 20. Qb6 Qd7 21. b3 Ne4
22. f4 Bh6 23. Bf1 Ng3 24. fxe5 Rxe5 25. Bf2 Ne4 26. Be3 Ng3 27. Bd2 Bxd2 28.
Rxe5 Rxe5 29. Rxd2 Re1 30. Rf2 Nxf1 31. Rxf1 Rxf1+ 32. Kxf1 Qf5+ 33. Kg1 Qb1+
34. Kh2 Qf5 35. Qxd6 1-0

[Event "Titled Tue 20th May Early"]
[Site "chess.com INT"]
[Date "2025.05.20"]
[Round "2"]
[White "Burmakin, Evgeniy"]
[Black "Hoghmrtsyan, Artur"]
[Result "0-1"]
[WhiteTitle "FM"]
[BlackTitle "FM"]
[WhiteElo "2110"]
[BlackElo "2271"]
[WhiteFideId "4163729"]
[BlackFideId "13306685"]
[EventDate "2025.05.20"]

1. e4 e5 2. Nf3 Nc6 3. Bb5 Nf6 4. O-O Nxe4 5. d4 Nd6 6. Ba4 e4 7. Re1 Be7 8. Ne5
O-O 9. Nc3 Bf6 10. Nxe4 Bxe5 11. dxe5 Nxe4 12. Rxe4 d5 13. exd6 cxd6 14. Bf4 d5
15. Re1 Be6 16. c3 Qf6 17. Bg3 Rfd8 18. Bc2 d4 19. cxd4 Rxd4 20. Qh5 g6 21. Qc5
Rc4 22. Qb5 Rxc2 23. Qxb7 Re8 24. b3 Nd4 25. Qxa7 Ne2+ 26. Kh1 Bd5 27. Qb6 Qxb6 0-1

[Event "Titled Tue 20th May Early"]
[Site "chess.com INT"]
[Date "2025.05.20"]
[Round "2"]
[White "Cernov, Henrik"]
[Black "Sailer, Mike"]
[Result "1-0"]
[WhiteTitle "FM"]
[WhiteElo "2325"]
[BlackElo "2108"]
[WhiteFideId "16258312"]
[BlackFideId "2012901"]
[EventDate "2025.05.20"]

1. d4 d5 2. Bg5 Nf6 3. Bxf6 exf6 4. e3 Bd6 5. g3 O-O 6. Bg2 c6 7. Ne2 Be6 8. O-O
Nd7 9. Nd2 f5 10. Rc1 Nf6 11. c4 dxc4 12. Nxc4 Bc7 13. Nf4 Bxc4 14. Rxc4 Ne4 15.
Nd3 Re8 16. b4 a6 17. Nc5 Rb8 18. Nxe4 fxe4 19. Qc2 f5 20. a4 Bd6 21. Qb3 Kh8
22. d5 cxd5 23. Rd4 Qe7 24. b5 axb5 25. axb5 Red8 26. Rxd5 Be5 27. Rfd1 Rd7 28.
Rxd7 Rd8 29. Rxd8+ 1-0

[Event "Titled Tue 20th May Early"]
[Site "chess.com INT"]
[Date "2025.05.20"]
[Round "2"]
[White "Andreikin, Dmitry"]
[Black "Akhilbay, Imangali"]
[Result "1-0"]
[WhiteTitle "GM"]
[BlackTitle "FM"]
[WhiteElo "2695"]
[BlackElo "2346"]
[WhiteFideId "4158814"]
[BlackFideId "13734857"]
[EventDate "2025.05.20"]

1. d4 g6 2. e4 Bg7 3. Nf3 d6 4. Bc4 a6 5. O-O b5 6. Bb3 Nf6 7. e5 dxe5 8. dxe5
Qxd1 9. Rxd1 Ng4 10. Bf4 O-O 11. Nc3 Nc6 12. Bd5 Bb7 13. h3 Nh6 14. e6 fxe6 15.
Bxe6+ Kh8 16. Bxc7 Nf5 17. Ne2 Bxb2 18. Rab1 Bf6 19. c4 Bc8 20. Bd5 Ra7 21. Bb6
Rb7 22. cxb5 Rxb6 23. bxc6 Rxb1 24. Rxb1 Nd6 25. Ned4 Ne8 26. Rb8 Nc7 27. Be6
Nxe6 28. Nxe6 Rg8 29. Nc5 Kg7 30. c7 e5 31. Ne4 Be7 32. Nxe5 Bf5 33. Nc6 Ba3 34.
g4 Bd7 35. Rxg8+ Kxg8 36. Nf6+ 1-0

[Event "Titled Tue 20th May Early"]
[Site "chess.com INT"]
[Date "2025.05.20"]
[Round "2"]
[White "Teh, Wee Zhun"]
[Black "Lowinger, Daniel"]
[Result "1-0"]
[WhiteTitle "CM"]
[WhiteElo "2010"]
[BlackElo "2086"]
[WhiteFideId "5707277"]
[BlackFideId "2005557"]
[EventDate "2025.05.20"]

1. d4 Nf6 2. c4 c5 3. d5 b5 4. cxb5 a6 5. Nc3 g6 6. e4 d6 7. a4 Bg7 8. Nf3 O-O
9. h3 Nbd7 10. Bf4 Qa5 11. Bd2 Qb4 12. Bd3 c4 13. Bc2 Nc5 14. O-O Nb3 15. Bxb3
cxb3 16. Ra3 Nxe4 17. Rxb3 Nxc3 18. Bxc3 Qxa4 19. Bxg7 Kxg7 20. b6 Bb7 21. Re1
Rfe8 22. Rbe3 Kf8 23. Qxa4 1-0

[Event "Titled Tue 20th May Early"]
[Site "chess.com INT"]
[Date "2025.05.20"]
[Round "2"]
[White "Teterev, Vitaly"]
[Black "Fishman, Albert"]
[Result "1-0"]
[WhiteTitle "GM"]
[WhiteElo "2258"]
[BlackElo "2149"]
[WhiteFideId "13501429"]
[BlackFideId "2090597"]
[EventDate "2025.05.20"]

1. e4 g6 2. d4 Bg7 3. Nf3 d6 4. Bc4 Nf6 5. Qe2 O-O 6. O-O c6 7. e5 Nd5 8. Re1 b5
9. Bxd5 cxd5 10. Qxb5 dxe5 11. Nxe5 Ba6 12. Qa4 Qb6 13. Nc3 e6 14. Bd2 Rc8 15.
Rab1 Nc6 16. Nxc6 Rxc6 17. Be3 Rc4 18. Qd7 Rc7 19. Qa4 Rc4 20. Qb3 Rb4 21. Qa3
Bf8 22. Na4 Qa5 23. Nc5 Qxa3 24. bxa3 Rxb1 25. Rxb1 Bxc5 26. dxc5 Bc4 27. Bd4
Kf8 28. Rb7 Ba6 29. Rc7 Rb8 30. g4 Rb7 31. Rc6 Be2 32. g5 Bf3 33. h4 Rb1+ 34.
Kh2 Re1 35. Bf6 Ke8 36. Rd6 1-0

[Event "Titled Tue 20th May Early"]
[Site "chess.com INT"]
[Date "2025.05.20"]
[Round "2"]
[White "Vidal Melendez, Ismael David"]
[Black "Kravtsiv, Martyn"]
[Result "0-1"]
[WhiteTitle "FM"]
[BlackTitle "GM"]
[WhiteElo "2294"]
[BlackElo "2598"]
[WhiteFideId "3901718"]
[BlackFideId "14113147"]
[EventDate "2025.05.20"]

1. d4 d5 2. c4 e6 3. Nc3 Nf6 4. cxd5 exd5 5. Bg5 Be7 6. Bxf6 Bxf6 7. e3 O-O 8.
Bd3 c6 9. Nf3 Re8 10. O-O a5 11. Re1 Be6 12. Qc2 g6 13. e4 Na6 14. Bxa6 Rxa6 15.
exd5 cxd5 16. Ne5 Kg7 17. Re2 Qb6 18. Qd2 a4 19. a3 Rc8 20. Rae1 Rc7 21. Qf4 Ra5
22. h4 h5 23. Qg3 Bf5 24. Nxd5 Rxd5 0-1

[Event "Titled Tue 20th May Early"]
[Site "chess.com INT"]
[Date "2025.05.20"]
[Round "2"]
[White "Ochedzan, Filip"]
[Black "Cumpe, Lucas"]
[Result "0-1"]
[WhiteTitle "CM"]
[BlackTitle "FM"]
[WhiteElo "2130"]
[BlackElo "2294"]
[WhiteFideId "21892610"]
[BlackFideId "183920"]
[EventDate "2025.05.20"]

1. c4 e6 2. Nc3 d5 3. d4 Nf6 4. Nf3 Be7 5. Bg5 O-O 6. e3 h6 7. Bxf6 Bxf6 8. Be2
c5 9. O-O cxd4 10. exd4 dxc4 11. Bxc4 Nc6 12. d5 Na5 13. Bb3 Nxb3 14. Qxb3 Bxc3
15. bxc3 Qxd5 16. Qxd5 exd5 17. Rfd1 Be6 18. Rab1 b6 19. Nd4 Rfc8 20. Rb3 Rc5
21. Re1 Rac8 22. Re3 Bd7 23. f4 Kf8 24. Kf2 Ra5 25. Re2 Rc4 26. Ke3 Rca4 27.
Rbb2 Ra3 28. Kd3 R5a4 29. Re5 Rxa2 30. Rxa2 Rxa2 31. Rxd5 Ke7 32. Ne2 Bc6 33.
Re5+ Kd6 34. g3 f6 35. Rf5 Bd7 36. Nd4 Bxf5+ 37. Nxf5+ Kd7 38. Nxg7 Rxh2 39. Nf5
a5 40. Kc4 Rb2 41. Nxh6 a4 0-1

[Event "Titled Tue 20th May Early"]
[Site "chess.com INT"]
[Date "2025.05.20"]
[Round "2"]
[White "Hayrapetyan, Edgar"]
[Black "Hehir, Michael"]
[Result "1-0"]
[WhiteTitle "FM"]
[WhiteElo "2161"]
[BlackElo "2009"]
[WhiteFideId "13313568"]
[BlackFideId "2047411"]
[EventDate "2025.05.20"]

1. e4 c5 2. Nc3 Nc6 3. Bb5 Nd4 4. Bc4 e6 5. Nge2 g6 6. Nxd4 cxd4 7. Ne2 Bg7 8.
d3 d5 9. exd5 exd5 10. Bb3 Nf6 11. O-O O-O 12. Bg5 Qb6 13. Nf4 Be6 14. Qf3 Rad8
15. Rfe1 h6 16. Bxf6 Bxf6 17. Nxe6 fxe6 18. Qg4 Kf7 19. Re2 e5 20. Qf3 Qd6 21.
Rae1 Kg7 22. Qg4 Qd7 23. Qg3 a5 24. a4 Rfe8 25. h3 Qf5 26. Qg4 Qxg4 27. hxg4 g5
28. g3 Re6 29. Kg2 Rc6 30. Rxe5 Bxe5 31. Rxe5 Rcd6 32. Re7+ Kf6 33. Rxb7 Re8 34.
Rb5 Kg6 35. Rxa5 Re2 36. Rxd5 Rxd5 37. Bxd5 Rxc2 38. a5 Rxb2 39. a6 Ra2 40. Bxa2 1-0

[Event "Titled Tue 20th May Early"]
[Site "chess.com INT"]
[Date "2025.05.20"]
[Round "2"]
[White "Alonso, Raphael V. P. Patricio"]
[Black "Zmijanac, Dusko"]
[Result "0-1"]
[BlackTitle "FM"]
[WhiteElo "2130"]
[BlackElo "1977"]
[WhiteFideId "2108585"]
[BlackFideId "908762"]
[EventDate "2025.05.20"]

1. Nf3 b5 2. e4 Bb7 3. Bxb5 Bxe4 4. Nc3 Bb7 5. O-O Nf6 6. d4 e6 7. Re1 Be7 8.
Bc4 O-O 9. d5 Na6 10. Bf4 Nc5 11. Qd4 a5 12. Rad1 Na6 13. a3 Bc5 14. Qd3 h6 15.
Nd2 exd5 16. Nxd5 Nxd5 17. Bxd5 Bxd5 18. Qxd5 d6 19. Nb3 Bb6 20. Nxa5 Qf6 21.
Be3 Bxe3 22. Rxe3 Qxb2 23. Qc6 Nc5 24. Nb3 Qxc2 25. Rc1 Qb2 26. Rec3 Rxa3 0-1

[Event "Titled Tue 20th May Early"]
[Site "chess.com INT"]
[Date "2025.05.20"]
[Round "2"]
[White "Manvelyan, Mikayel"]
[Black "Porozhnyak, Maya"]
[Result "1-0"]
[WhiteTitle "FM"]
[BlackTitle "WCM"]
[WhiteElo "2362"]
[BlackElo "1974"]
[WhiteFideId "13310143"]
[BlackFideId "34115843"]
[EventDate "2025.05.20"]

1. e4 c5 2. Nf3 e6 3. d4 cxd4 4. Nxd4 a6 5. c4 Nf6 6. Nc3 Qc7 7. Be2 Bb4 8. Qd3
O-O 9. O-O Bxc3 10. bxc3 d6 11. Nb3 h6 12. Rd1 Rd8 13. Bf4 Ne8 14. c5 e5 15.
Bxe5 Nc6 16. cxd6 Qd7 17. Bg3 b6 18. c4 Bb7 19. Qe3 Nb4 20. Qxb6 Nc2 21. Nc5 Qc6
22. Qxc6 Bxc6 23. Rac1 Nb4 24. a3 Na2 25. Rc2 Nf6 26. f3 Nh5 27. Rxa2 Nxg3 28.
hxg3 1-0

[Event "Titled Tue 20th May Early"]
[Site "chess.com INT"]
[Date "2025.05.20"]
[Round "2"]
[White "Alonso Orta, Osiel Alberto"]
[Black "Hamedi Nia, Vesal"]
[Result "0-1"]
[WhiteTitle "FM"]
[BlackTitle "WIM"]
[WhiteElo "2176"]
[BlackElo "2010"]
[WhiteFideId "3531279"]
[BlackFideId "12542253"]
[EventDate "2025.05.20"]

1. e4 c5 2. Nf3 Nc6 3. Nc3 Nf6 4. d4 cxd4 5. Nxd4 e5 6. Ndb5 d6 7. Nd5 Nxd5 8.
exd5 Ne7 9. c4 Ng6 10. Be2 a6 11. Nc3 Be7 12. O-O O-O 13. g3 f6 14. f4 f5 15.
Be3 Bd7 16. Qd2 Rc8 17. Rac1 Qa5 18. a3 Rfe8 19. Qe1 Bf6 20. Qf2 exf4 21. gxf4
Rxe3 22. Qxe3 Re8 23. Qf2 Bh4 24. Qg2 Qb6+ 25. Kh1 Qxb2 26. Bh5 Qxg2+ 27. Kxg2
Re3 28. Bxg6 hxg6 29. Rf3 Re8 30. Rb1 Bc8 31. Na4 Re2+ 32. Kg1 Bd7 33. Nc3 Rc2
34. Rxb7 Be8 35. Rb8 Kf7 36. Rb7+ Kf8 37. c5 dxc5 38. d6 Bc6 39. Rb8+ Kf7 0-1

[Event "Titled Tue 20th May Early"]
[Site "chess.com INT"]
[Date "2025.05.20"]
[Round "2"]
[White "Toktomushev, Teimur"]
[Black "So, Wesley"]
[Result "0-1"]
[WhiteTitle "FM"]
[BlackTitle "GM"]
[WhiteElo "2398"]
[BlackElo "2751"]
[WhiteFideId "14176726"]
[BlackFideId "5202213"]
[EventDate "2025.05.20"]

1. d4 Nf6 2. c4 e6 3. Nf3 c5 4. d5 d6 5. Nc3 exd5 6. cxd5 g6 7. Nd2 Bg7 8. e4
O-O 9. Be2 Re8 10. O-O Na6 11. f3 Rb8 12. a4 Nb4 13. Nc4 a6 14. Bf4 b5 15. axb5
axb5 16. Nxd6 Nh5 17. Nxe8 Bd4+ 18. Qxd4 cxd4 19. Bxb8 dxc3 20. bxc3 Nc2 21. Nc7
Nxa1 22. Rxa1 Bb7 23. d6 Qxb8 24. Rd1 Bc6 25. Bxb5 Bxb5 26. Nxb5 Qxb5 27. d7
Qb6+ 28. Kh1 Qd8 29. e5 Kf8 30. c4 Nf4 31. c5 Ne6 32. c6 Qc7 0-1

[Event "Titled Tue 20th May Early"]
[Site "chess.com INT"]
[Date "2025.05.20"]
[Round "2"]
[White "Amangeldy, Ernur"]
[Black "Chelly, Yahya"]
[Result "1-0"]
[WhiteTitle "FM"]
[BlackTitle "CM"]
[WhiteElo "2231"]
[BlackElo "2039"]
[WhiteFideId "13720244"]
[BlackFideId "5516200"]
[EventDate "2025.05.20"]

1. d4 d5 2. Nc3 Nf6 3. Bf4 a6 4. e3 e6 5. a3 c5 6. Nf3 Nc6 7. dxc5 Bxc5 8. Bd3
Qe7 9. O-O e5 10. Bg5 Be6 11. e4 Rd8 12. exd5 Bxd5 13. Nxd5 Rxd5 14. Qe1 O-O 15.
Bxf6 Qxf6 16. Qe4 Rxd3 17. Qxd3 Rd8 18. Qe4 g6 19. Rad1 Nd4 20. c3 Nxf3+ 21.
Qxf3 Qb6 22. Rxd8+ Qxd8 23. Rd1 Qb6 24. Rd7 Qe6 25. Rd1 e4 26. Qe2 Kg7 27. b4
Bb6 28. c4 Qf6 29. c5 Bc7 30. Qxe4 Bb8 31. g3 Be5 32. Rd7 Bb2 33. Rxb7 Bxa3 34.
c6 1-0

[Event "Titled Tue 20th May Early"]
[Site "chess.com INT"]
[Date "2025.05.20"]
[Round "2"]
[White "Aarav A"]
[Black "Yevchenko, Oleksandr"]
[Result "0-1"]
[WhiteTitle "CM"]
[BlackTitle "CM"]
[WhiteElo "2207"]
[BlackElo "2276"]
[WhiteFideId "25162748"]
[BlackFideId "14108267"]
[EventDate "2025.05.20"]

1. e4 c5 2. c3 Nf6 3. e5 Nd5 4. Nf3 Nc6 5. Bc4 Nb6 6. Bb3 d6 7. exd6 Qxd6 8. O-O
Be6 9. Bxe6 Qxe6 10. a4 Qd7 11. a5 Nd5 12. a6 e6 13. d4 cxd4 14. Nxd4 Bc5 15.
Nxc6 Qxc6 16. axb7 Qxb7 17. Qf3 Rb8 18. Nd2 O-O 19. Ne4 Be7 20. h3 Nf6 21. Nxf6+
Bxf6 22. Qxb7 Rxb7 23. Rd1 h5 24. Kf1 Rc8 25. Ra3 g6 26. Ke2 Kg7 27. Rd3 Rcc7
28. Kd1 Bh4 29. f3 Be7 30. Kc2 Bxa3 31. bxa3 Rd7 32. Re3 Kf6 33. Re4 Rd5 34. h4
e5 35. Be3 Ke6 36. c4 Ra5 37. c5 Rxa3 38. Kd2 Rb2+ 39. Kc1 Rxg2 40. Kb1 Rb3+ 41.
Kc1 Rc3+ 42. Kd1 f5 0-1

[Event "Titled Tue 20th May Early"]
[Site "chess.com INT"]
[Date "2025.05.20"]
[Round "2"]
[White "Bratovic, Blaz"]
[Black "Swara Lakshmi S Nair"]
[Result "1-0"]
[WhiteTitle "IM"]
[BlackTitle "WCM"]
[WhiteElo "2319"]
[BlackElo "2178"]
[WhiteFideId "14603551"]
[BlackFideId "25629239"]
[EventDate "2025.05.20"]

1. e4 c5 2. Nf3 d6 3. d4 cxd4 4. Nxd4 Nf6 5. Nc3 Nc6 6. Bg5 e6 7. Qd2 Be7 8.
O-O-O a6 9. f4 Bd7 10. Nf3 b5 11. Bxf6 gxf6 12. Kb1 Qb6 13. f5 O-O-O 14. g3 h5
15. fxe6 fxe6 16. Bh3 Kb8 17. Ne2 Qc5 18. Nf4 e5 19. Bxd7 Rxd7 20. Nd5 Bd8 21.
Rhf1 Ba5 22. Qd3 Rc8 23. Nxf6 Rdd8 24. Nd5 Nb4 25. Nxb4 Bxb4 26. Nh4 d5 27. exd5
a5 28. Nf5 a4 29. d6 a3 30. Ne7 Rxd6 31. Qxd6+ Qxd6 32. Rxd6 Bxd6 33. Nxc8 Kxc8
34. bxa3 Bxa3 35. c3 Bc5 36. Kc2 1-0

[Event "Titled Tue 20th May Early"]
[Site "chess.com INT"]
[Date "2025.05.20"]
[Round "2"]
[White "Garrido, Denis"]
[Black "Shokirjonova, Barchinoy"]
[Result "1-0"]
[WhiteTitle "FM"]
[BlackTitle "WFM"]
[WhiteElo "2230"]
[BlackElo "2043"]
[WhiteFideId "601217"]
[BlackFideId "14212307"]
[EventDate "2025.05.20"]

1. e4 e6 2. d4 d5 3. exd5 exd5 4. Nf3 Bd6 5. c4 dxc4 6. Bxc4 Nf6 7. O-O O-O 8.
h3 Bf5 9. Nc3 c6 10. Re1 Nbd7 11. Ne5 c5 12. Nxd7 Qxd7 13. dxc5 Bxc5 14. Qf3 Be6
15. Bxe6 fxe6 16. Qe2 Nd5 17. Ne4 Bb6 18. Bg5 h6 19. Bd2 Rae8 20. Rad1 Qf7 21.
Rf1 e5 22. Nd6 Qg6 23. Nxe8 Rxe8 24. Qc4 Qf7 25. Bc3 Rd8 26. Bxe5 Kh8 27. Rd2
Qe6 28. Bg3 Nf4 29. Rxd8+ Bxd8 30. Qxe6 1-0

[Event "Titled Tue 20th May Early"]
[Site "chess.com INT"]
[Date "2025.05.20"]
[Round "2"]
[White "Baradaran Tamadon, Arian"]
[Black "Zou, Chen"]
[Result "0-1"]
[WhiteTitle "FM"]
[BlackTitle "IM"]
[WhiteElo "2304"]
[BlackElo "2443"]
[WhiteFideId "12595837"]
[BlackFideId "8610959"]
[EventDate "2025.05.20"]

1. Nf3 b6 2. b3 Bb7 3. Bb2 Nf6 4. g3 e6 5. Bg2 Be7 6. O-O O-O 7. d3 c5 8. e4 d6
9. a4 a6 10. Nbd2 Nbd7 11. Qe2 Re8 12. Rfe1 Bf8 13. Nh4 g6 14. f4 Qc7 15. Qf2
Bg7 16. Rf1 Nxe4 17. Nxe4 Bxb2 18. Kh1 Bxa1 19. Rxa1 f5 20. Ng5 Nf6 21. Re1 e5
22. fxe5 Rxe5 23. Rxe5 dxe5 24. Bxb7 Qxb7+ 25. Kg1 Qd7 26. Nhf3 Re8 27. Nd2 Qd4
28. Nc4 b5 29. axb5 axb5 30. Qxd4 exd4 31. Nd2 Nd5 32. Ngf3 Nb4 33. Kf2 Nxc2 34.
Ne1 Nxe1 0-1